Footballers scored in Manchester Derby - Statistics

General Stats
  • This quiz has been taken 28 times
  • The average score is 6 of 25
Answers on the Grid
Answers color-coded by a green-red scale on the quiz's grid according to % correct below.
Ryan Giggs
Michael Carrick
Vincent Kompany
Phil Jones
Luke Shaw
Fred
Ander Herrera
Riyad Mahrez
Robinho
Henrikh Mkhitaryan
Ángel Di María
Paul Pogba
Diego Forlán
David Beckham
Dwight Yorke
Romelu Lukaku
Zlatan Ibrahimovic
Alexis Sánchez
Raheem Sterling
Leroy Sané
Gabriel Jesus
Mario Balotelli
Anthony Martial
Anthony Elanga
Dimitar Berbatov
Nani
Aaron Wan-Bissaka
Casemiro
Joshua Zirkzee
Rasmus Højlund
Mason Greenwood
Ilkay Gündogan
Andy Cole
Jadon Sancho
Antony
Mason Mount
Roy Keane
Eric Cantona
Scott McTominay
Diogo Dalot
Robin van Persie
Ashley Young
Fernandinho
Rodri
Michael Owen
Daniel James
Nicolás Otamendi
Oleksandr Zinchenko
Emmanuel Adebayor
Javier Hernández
 
Answer Stats
Answer % Correct
Ryan Giggs
85%
Vincent Kompany
70%
Ilkay Gündogan
35%
Michael Owen
35%
Paul Pogba
35%
Robin van Persie
35%
Riyad Mahrez
30%
Scott McTominay
30%
David Beckham
25%
Mario Balotelli
25%
Eric Cantona
20%
Luke Shaw
20%
Michael Carrick
20%
Andy Cole
15%
Anthony Martial
15%
Zlatan Ibrahimovic
15%
Antony
10%
Jadon Sancho
10%
Leroy Sané
10%
Nani
10%
Ander Herrera
5%
Nicolás Otamendi
5%
Romelu Lukaku
5%
Roy Keane
5%
Ashley Young
0%
No matching quizzes found
Score Distribution
Percent of People with Each Score
Percentile by Number Answered
Your Score History
You have not taken this quiz